Statistics for Countries that start with L

Click here to take the quiz!

General Stats

  • This quiz has been taken 78 times
  • The average score is 7 of 9

Answer Stats

HintAnswer% Correct
7Liechtenstein
92%
1Laos
89%
8Lithuania
89%
2Latvia
86%
5Liberia
85%
9Luxembourg
83%
6Libya
82%
3Lebanon
74%
4Lesotho
69%

Score Distribution

Percentile by Number Answered

Percent of People with Each Score

Your Score History

You have not taken this quiz